Eyes to see, ears to hear : (Record no. 10377)
[ view plain ]
| 000 -LEADER | |
|---|---|
| fixed length control field | 01158cam a2200313 a 4500 |
| 001 - CONTROL NUMBER | |
| control field | 16193431 |
| 003 - CONTROL NUMBER IDENTIFIER | |
| control field | GBCCL |
| 005 - DATE AND TIME OF LATEST TRANSACTION | |
| control field | 20241126110731.0 |
| 008 - FIXED-LENGTH DATA ELEMENTS--GENERAL INFORMATION | |
| fixed length control field | 100419s2010 njua b 011 0 eng |
| 010 ## - | |
| -- | 2010016527 |
| 020 ## - INTERNATIONAL STANDARD BOOK NUMBER | |
| International Standard Book Number | 9781596381223 (pbk.) |
| 040 ## - CATALOGING SOURCE | |
| Original cataloging agency | DLC |
| Transcribing agency | DLC |
| Modifying agency | DLC |
| 042 ## - | |
| -- | pcc |
| 050 00 - | |
| -- | BS1171.3 |
| -- | .E94 2010 |
| 082 00 - DEWEY DECIMAL CLASSIFICATION NUMBER | |
| Classification number | 230.0411 |
| Edition information | 22 |
| Item number | EYE |
| 245 00 - TITLE STATEMENT | |
| Title | Eyes to see, ears to hear : |
| Remainder of title | essays in memory of J. Alan Groves / |
| Statement of responsibility, etc. | edited by Peter Enns, Douglas J. Green, & Michael B. Kelly. |
| 260 ## - PUBLICATION, DISTRIBUTION, ETC. | |
| Place of publication, distribution, etc. | Phillipsburg, N.J. : |
| Name of publisher, distributor, etc. | P&R Pub., |
| Date of publication, distribution, etc. | c2010. |
| 300 ## - PHYSICAL DESCRIPTION | |
| Extent | xxxiii, 225 p. : |
| Other physical details | ill. ; |
| Dimensions | 23 cm. |
| 504 ## - BIBLIOGRAPHY, ETC. NOTE | |
| Bibliography, etc. note | Includes bibliographical references and index. |
| 630 00 - SUBJECT ADDED ENTRY--UNIFORM TITLE | |
| Uniform title | Bible. |
| Name of part/section of a work | Old Testament |
| General subdivision | Criticism, interpretation, etc. |
| 9 (RLIN) | 57 |
| 630 00 - SUBJECT ADDED ENTRY--UNIFORM TITLE | |
| Uniform title | Bible. |
| Name of part/section of a work | Old Testament |
| General subdivision | Theology. |
| 9 (RLIN) | 2493 |
| 700 1# - ADDED ENTRY--PERSONAL NAME | |
| Personal name | Groves, J. Alan. |
| 9 (RLIN) | 18020 |
| 700 1# - ADDED ENTRY--PERSONAL NAME | |
| Personal name | Enns, Peter, |
| Dates associated with a name | 1961- |
| 9 (RLIN) | 15352 |
| 700 1# - ADDED ENTRY--PERSONAL NAME | |
| Personal name | Green, Douglas J., |
| Dates associated with a name | 1953- |
| 9 (RLIN) | 18021 |
| 700 1# - ADDED ENTRY--PERSONAL NAME | |
| Personal name | Kelly, Michael B., |
| Dates associated with a name | 1965- |
| 9 (RLIN) | 18022 |
| 906 ## - LOCAL DATA ELEMENT F, LDF (RLIN) | |
| a | 7 |
| b | cbc |
| c | orignew |
| d | 1 |
| e | ecip |
| f | 20 |
| g | y-gencatlg |
| 942 ## - ADDED ENTRY ELEMENTS (KOHA) | |
| Source of classification or shelving scheme | Dewey Decimal Classification |
| Koha item type | Books |
| Withdrawn status | Lost status | Source of classification or shelving scheme | Damaged status | Not for loan | Home library | Current Library | Shelving location | Date acquired | Total checkouts | Full call number | Barcode | Date last seen | Copy number | Price effective from | Koha item type |
|---|---|---|---|---|---|---|---|---|---|---|---|---|---|---|---|
| Dewey Decimal Classification | GRACE BIBLE COLLEGE | GRACE BIBLE COLLEGE | Theology | 2024-07-08 | 230.0411 EYE | 020758 | 2025-05-01 | c.1 | 2024-07-08 | Books |